<?xml version="1.0" encoding="UTF-8"?>
<marc:record xmlns:marc="http://www.loc.gov/MARC21/slim">
   <marc:leader>00000nam a2200000 a 4500</marc:leader>
   <marc:datafield ind1="1" ind2=" " tag="100">
      <marc:subfield code="a">Maio, Giovanni</marc:subfield>
      <marc:subfield code="4">aut</marc:subfield>
      <marc:subfield code="e">Verfasser/-in</marc:subfield>
   </marc:datafield>
   <marc:datafield ind1=" " ind2=" " tag="653">
      <marc:subfield code="a">Medizintechnik</marc:subfield>
   </marc:datafield>
   <marc:datafield ind1=" " ind2=" " tag="653">
      <marc:subfield code="a">Medizinische Ethik</marc:subfield>
   </marc:datafield>
   <marc:datafield ind1=" " ind2=" " tag="653">
      <marc:subfield code="a">Softcover / Ratgeber/Lebenshilfe</marc:subfield>
   </marc:datafield>
   <marc:datafield ind1=" " ind2=" " tag="653">
      <marc:subfield code="a">Alltag/Lebensführung</marc:subfield>
   </marc:datafield>
   <marc:datafield ind1=" " ind2=" " tag="653">
      <marc:subfield code="a">Persönliche Entwicklung</marc:subfield>
   </marc:datafield>
   <marc:datafield ind1="0" ind2="0" tag="245">
      <marc:subfield code="a">Medizin ohne Maß?</marc:subfield>
   </marc:datafield>
   <marc:datafield ind1="0" ind2="0" tag="245">
      <marc:subfield code="b">vom Diktat des Machbaren zu einer Ethik der Besonnenheit</marc:subfield>
   </marc:datafield>
   <marc:datafield ind1="0" ind2="0" tag="245">
      <marc:subfield code="c">Giovanni Maio</marc:subfield>
   </marc:datafield>
   <marc:datafield ind1=" " ind2="1" tag="264">
      <marc:subfield code="a">Stuttgart</marc:subfield>
      <marc:subfield code="b">TRIAS</marc:subfield>
      <marc:subfield code="c">2014</marc:subfield>
   </marc:datafield>
   <marc:datafield ind1=" " ind2=" " tag="250">
      <marc:subfield code="a">1. Aufl.</marc:subfield>
   </marc:datafield>
   <marc:datafield ind1="1" ind2=" " tag="520">
      <marc:subfield code="a">Angaben aus der Verlagsmeldung

Medizin ohne Maß? : Vom Diktat des Machbaren zu einer Ethik der Besonnenheit Maio, Medizin ohne Maß?, A1, print / von Giovanni Maio

Medizin ohne Maß?
Dieses hintergründige Plädoyer führt eine Diskussion um unser Gesundheitsverständnis! Wie krank darf man heutzutage in unserer schönen
Welt noch sein? Was erwarten wir von einem Arztbesuch? Doch nicht etwa die sofortige Heilung - und warum bietet der Arzt dem Patienten lieber eine weitergehende Diagnostik als auf seine emotionalen Bedürfnisse einzugehen?
Dieses Buch stellt Grundfragen, denen niemand ausweichen sollte: Ist Gesundheit wirklich die Bedingung für ein gutes Leben? Wohin führen uns die Versprechen der Reproduktionsmedizin? Verspricht das "schöner, besser, leistungsfähiger" größeres Glück? Welche Vertrauensbedingungen muss die Transplantationsmedizin aufbauen, um glaubwürdig zu sein? Wie können wir eine Einstellung zum Sterben gewinnen, durch die wir uns nicht ausgeliefert fühlen? Prof. Giovanni Maio zeigt dem Leser neue Aspekte des sinnvoll Machbaren auf.
</marc:subfield>
   </marc:datafield>
   <marc:datafield ind1=" " ind2=" " tag="020">
      <marc:subfield code="a">9783830467496</marc:subfield>
      <marc:subfield code="9">9783830467496</marc:subfield>
   </marc:datafield>
   <marc:datafield ind1=" " ind2=" " tag="020">
      <marc:subfield code="a">3830467494</marc:subfield>
      <marc:subfield code="9">3830467494</marc:subfield>
   </marc:datafield>
   <marc:datafield ind1=" " ind2=" " tag="041">
      <marc:subfield code="a">ger</marc:subfield>
   </marc:datafield>
   <marc:datafield ind1=" " ind2=" " tag="300">
      <marc:subfield code="a">219 S.</marc:subfield>
   </marc:datafield>
</marc:record>
